000 01328nam0a22003491 4500
001 RU\INFOCOMM_322\NLR\5000186465
005 20250613110833.0
035 _a(NLR Aleph) 009575515
090 _a9156978
_c9156978
100 _a20130219d1987 |||y0rusy50 ca
101 0 _aeng
102 _aRU
105 _ay z |||||
200 1 _aEquivalence of the string equations of motion and the sigma-model Weyl invariance conditions
_eDependence of the dilaton a. the antisymmetric tensor
_fR. R. Metsaev a. A. A. Tseytlin
210 _aM.
_d1987
215 _a42 с.
_d20 см
225 1 _aPreprint
_fUSSR Acad. of sciences, P. N. Lebedev phys. inst.
_vN 48
_iHigh energy and cosmic rays physics
_fDep. of theoretical physics
320 _aБиблиогр.: с. 38-39
606 0 _aКвантовая теория поля
_xСигма-модели
_92045648
_3RU\NLR\AUTH\661227385
620 _aМосква
686 _aВ315.21
_2rubbk
686 _aФз-110
_2rubbk
686 _aˆ[‰В315.21]
_2rubbk
700 1 _9z01790
_aMecaev
_bR. R.
701 1 _9z02790
_aCejtlin
_bA. A.
_gArkadij Aleksandrovič
790 1 _9z01700
_aMetsaev
_bR. R.
_4070
790 1 _9z02701
_aTseytlin
_bA. A.
_4070
801 1 _aRU
_bInfocomm
_c20130219
801 0 _aRU
_bINFOCOMM
_gPSBO
852 _aNLR
_jФз01 Д-4/4618
942 _cBOOK
980 _aNB